|
|
|
|
| LEADER |
00000nam a2200000 a 4500 |
| 001 |
vtls001433047 |
| 003 |
SK-MaSNL |
| 005 |
20260301013311.0 |
| 008 |
240313s2002 xo f y 0 slo |
| 015 |
|
|
|a SNBK2002/03-01225
|
| 020 |
|
|
|a 8080473692
|
| 035 |
|
|
|a SNK000388113
|
| 040 |
|
|
|a SNK
|b slo
|c SNK
|e AACR2
|
| 044 |
|
|
|a xo
|c SK
|
| 080 |
|
|
|a 885.4-3(02.056.262)
|2 1981
|
| 100 |
1 |
|
|a Bodnárová, Jana,
|d 1950-
|4 aut
|9 85509
|
| 245 |
1 |
|
|a Závojovaná žena
|h slepecká tlač
|c Jana Bodnárová
|
| 260 |
|
|
|a Levoča
|b Slovenská knižnica pre nevidiacich Mateja Hrebendu
|c 2002
|
| 300 |
|
|
|a [130] s. v Brailleovom písme
|c 29×26 cm
|
| 650 |
0 |
7 |
|a literatúra slovenská
|x poviedky spoločenské
|x tlače slepecké
|2 SNK
|9 299821
|
| 650 |
0 |
7 |
|a poviedky spoločenské
|x literatúra slovenská
|x tlače slepecké
|2 SNK
|9 299822
|
| 919 |
|
|
|a 80-8047-369-2
|
| 958 |
|
|
|a LX
|
| 958 |
|
|
|a SX
|
| 958 |
|
|
|a KST
|
| 999 |
|
|
|c 555713
|d 557643
|
| 952 |
|
|
|t P60, <03>, [BOOK], {603}
|a SNK
|b SNK
|y PREZ
|7 0
|p 17A0342196
|o snkOSB 13321
|i snkKSP 5366/2002
|0 0
|1 0
|4 0
|d 2002-04-29
|l 0
|r 2005-01-02 00:00:00
|w 2026-02-23
|